Europeisk Geografi Efter Bokstav - I - Statistics

General Stats
  • This quiz has been taken 9 times
  • The average score is 11 of 20
Answer Stats
Ledtråd Svar % Correct
Europeiska länder som börjar med I Irland
100%
Europeiska länder som börjar med I Island
100%
Europeiska länder som börjar med I Italien
100%
Vanligaste manlig förnamn i Bulgarien, Kroatien och kanske Ryssland Ivan
100%
Stad i Österrike som var värdför två vinterspel Innsbruck
88%
Spansk ö känd för sina dansklubbar Ibiza
75%
Staden som ligger mellanEuropa och Asien Istanbul
75%
Slovakiens nationalsport Ishockey
63%
En av Schweiz officiella språk Italienska
63%
Portugal och Spaniens halvö Iberiska halvön
50%
Skotska högländernas "huvudstaden" Inverness
50%
De flesta invandrare i Storbritannienär födda i detta landet Indien
38%
Detta språk kallar sig själv "Gaeilge" Iriska
38%
Ön där Odysseus levde Ithaka
38%
Fransk region där Paris ligger Île-de-France
25%
Kroatiens nordvästra halvö Istrien
25%
Nederländska sjö som är skapad med att stänga Zuiderzee IJsselmeer
13%
Skotsk ögrupp som den ön är del av Inre Hebriderna
13%
Brittisk ö som är känd för turism och Skotsk whisky Islay
13%
Stad i Bayern där Illuminati grundades och där Frankenstein delvis utspelar sig Ingolstadt
0%
No matching quizzes found
Score Distribution
Percent of People with Each Score
Percentile by Number Answered
Your Score History
You have not taken this quiz